5HLuxD.jpg

KING HENRY VIII SENIOR AND PRIMARY SCHOOL LIBRARY OPAC

Dork diaries : (Record no. 2159)

000 -LEADER
fixed length control field 00985cam a2200277 a 4500
001 - CONTROL NUMBER
control field 005448216
003 - CONTROL NUMBER IDENTIFIER
control field OSt
005 - DATE AND TIME OF LATEST TRANSACTION
control field 20230314085250.0
008 - FIXED-LENGTH DATA ELEMENTS--GENERAL INFORMATION
fixed length control field 081110s2009 nyua c 000 1 eng
020 ## - INTERNATIONAL STANDARD BOOK NUMBER
International Standard Book Number 9781416980063 (hbk.) :
040 ## - CATALOGING SOURCE
Original cataloging agency NCNU
Language of cataloging eng
Transcribing agency NCNU
Modifying agency NCNU
-- KH8
Description conventions AACR2
042 ## - AUTHENTICATION CODE
Authentication code nbic
082 00 - DEWEY DECIMAL CLASSIFICATION NUMBER
Classification number FIC RUS
Edition number 22
100 1# - MAIN ENTRY--PERSONAL NAME
Personal name Russell, Rachel Renee.
Relator term author
245 10 - TITLE STATEMENT
Title Dork diaries :
Remainder of title tales from a not-so-fabulous life /
Statement of responsibility, etc. Rachel Renée Russell.
260 ## - PUBLICATION, DISTRIBUTION, ETC.
Place of publication, distribution, etc. New York :
Name of publisher, distributor, etc. Aladdin,
Date of publication, distribution, etc. 2009.
300 ## - PHYSICAL DESCRIPTION
Extent 282 p. :
Other physical details ill. ;
Dimensions 22 cm.
490 0# - SERIES STATEMENT
Series statement Dork Diaries ;
Volume/sequential designation 1.
520 ## - SUMMARY, ETC.
Summary, etc. Fourteen-year-old Nikki Maxwell writes in her diary of her struggle to be popular at her exclusive new private school, then of finding her place after she gives up on being part of the elite group.
650 #1 - SUBJECT ADDED ENTRY--TOPICAL TERM
Topical term or geographic name entry element Popularity
Form subdivision Fiction.
650 #1 - SUBJECT ADDED ENTRY--TOPICAL TERM
Topical term or geographic name entry element Friendship
Form subdivision Fiction.
650 #1 - SUBJECT ADDED ENTRY--TOPICAL TERM
Topical term or geographic name entry element Artists
Form subdivision Fiction.
650 #1 - SUBJECT ADDED ENTRY--TOPICAL TERM
Topical term or geographic name entry element Schools
Form subdivision Fiction.
650 #1 - SUBJECT ADDED ENTRY--TOPICAL TERM
Topical term or geographic name entry element Diaries
Form subdivision Fiction.
942 ## - ADDED ENTRY ELEMENTS (KOHA)
Source of classification or shelving scheme
Koha item type Books - Fiction
Holdings
Withdrawn status Lost status Source of classification or shelving scheme Damaged status Not for loan Collection code Permanent Location Current Location Shelving location Date acquired Total Checkouts Full call number Barcode Date last seen Date last checked out Price effective from Koha item type Total Renewals
          Fiction KH8 Primary School Library KH8 Primary School Library Fiction 2023-03-14 6 FIC RUS KHPL000003897 2026-01-16 2026-01-09 2023-03-14 Books - Fiction  
          Fiction KH8 Primary School Library KH8 Primary School Library Fiction 2023-11-01 6 FIC RUS KHPL000004338 2025-12-05 2024-05-21 2023-11-01 Books - Fiction 2

Powered By KH8 IT Dept